|
|
|
|
| LEADER |
00000nam0a2200000 4500 |
| 001 |
60250 |
| 005 |
20231031061247.0 |
| 010 |
|
|
|a 1857151844
|
| 035 |
|
|
|a (RuTPU)RU\TPU\book\63716
|
| 090 |
|
|
|a 60250
|
| 100 |
|
|
|a 20040204d2000 m y0engy50 ba
|
| 101 |
1 |
|
|a eng
|c chi
|
| 102 |
|
|
|a GB
|
| 105 |
|
|
|a y j 000ay
|
| 200 |
1 |
|
|a The Analects
|e Translated from the Chinese
|f Confucius
|g Transl. A. Waley
|
| 210 |
|
|
|a London
|c Everyman Publishers plc
|d 2000
|
| 215 |
|
|
|a 252 p.
|
| 225 |
1 |
|
|a The millennium library
|
| 225 |
1 |
|
|a Everyman's library
|
| 610 |
1 |
|
|a английский язык
|
| 610 |
1 |
|
|a учебные пособия
|
| 610 |
1 |
|
|a книги для чтения
|
| 610 |
1 |
|
|a хрестоматии
|
| 610 |
1 |
|
|a китайская философия
|
| 610 |
1 |
|
|a китайская литература
|
| 686 |
|
|
|a Ш143.21-923.8
|v LBC/SL-A
|2 rubbk
|
| 700 |
|
1 |
|a Confucius
|
| 702 |
|
1 |
|a Waley
|b A.
|g Arrhur
|4 730
|
| 801 |
|
1 |
|a RU
|b 63413507
|c 20040204
|g PSBO
|
| 801 |
|
2 |
|a RU
|b 63413507
|c 20120305
|g PSBO
|
| 942 |
|
|
|c BK
|